| 000 | 03234nam1a22006371 4500 | ||
|---|---|---|---|
| 001 | RU\NLR\A1\25600 | ||
| 005 | 20260406141924.0 | ||
| 035 | _a(NLR Aleph) 009679923 | ||
| 090 |
_a9698022 _c9698022 |
||
| 100 | _a19990525d1784 u y0rusy50 ca | ||
| 101 | 1 |
_arus _cgrc |
|
| 102 | _aRU | ||
| 200 | 1 |
_aХрисанфа блаженнейшаго патриарха Иерусалимскаго беседы, _eТокмо некоторыя сысканныя, _fИ тщанием блаженнейшаго и святейшаго патриарха Мелетиа Иерусалимскаго ж в печать изданныя; _gС греческаго же на российский язык переведенныя в Москве, 1782 года [Моисеем (Гумилевским)] |
|
| 210 |
_aМ. _cИждивением Н.Новикова и Компании _cУнив. тип., у Н.Новикова _d1784 |
||
| 215 | _d8° | ||
| 306 | _aВ 1787 г. в моск. кн. лавках конфисковано 835 экз. | ||
| 314 | _aНа с.368 ч.2: В переводе обеих частей трудился М[осковской] А[кадемии] рет[орики] учит[ель] иером[онах] Моисей | ||
| 316 |
_aЭкз. КУНБ с влад. записью _5КУНБ |
||
| 317 |
_aЭкз. ТамбОУНБ из б-ки Г.Р.Державина _5ТамбОУНБ |
||
| 317 |
_aЭкз. ИМПИ из б-ки Д.Г.Бурылина _5ИМПИ |
||
| 321 | 1 | _aСК XVIII 8067 | |
| 463 | 0 |
_1001RU\NLR\A1\25601 _913475728 _p[4], VI, 310 с. _tЧ.1 |
|
| 463 | 0 |
_1001RU\NLR\A1\25602 _913475729 _p[4], 368 с. _tЧ.2 |
|
| 517 | 1 | _aБеседы | |
| 518 | 1 | _aХрисанфа блаженнейшего патриарха Иерусалимского беседы | |
| 620 | _dМосква | ||
| 700 | 0 |
_6z01700 _aХрисанф Нотара _cпатриарх Иерусалимский _f-1732 _4070 |
|
| 700 | 0 |
_6z01700 _aChrysanthus Notaras _7ba |
|
| 702 | 0 |
_aМоисей _cГумилевский, Михаил _f1747-1792 _4730 |
|
| 702 | 1 |
_aБурылин _bД.Г. _f1852-1924 _gДмитрий Геннадьевич _5ИМПИ _4070 |
|
| 702 | 1 |
_4610 _4400 _8rus _7ca _aНовиков _bН. И. _cиздатель _f1744-1818 _gНиколай Иванович _3RU\NLR\AUTH\772860 _9112867 |
|
| 702 | 0 |
_aМелетий _cпатриарх Иерусалимский _4650 |
|
| 702 | 1 |
_4390 _8rus _7ca _aДержавин _bГ. Р. _f1743-1816 _gГаврила Романович _3RU\NLR\AUTH\773473 _9113469 |
|
| 712 | 0 | 2 |
_aМосковский университет _bТипография _4610 |
| 801 | 0 |
_aRU _bNLR _c19990525 |
|
| 852 |
_aNLR _j18.101.6.30-1-2 |
||
| 852 |
_aNLR _j138/2650-1-2 |
||
| 899 | _aИМПИ | ||
| 899 | _aРГБ | ||
| 899 | _aБАН | ||
| 899 | _aМГУ | ||
| 899 | _aЗНБ СГУ | ||
| 899 |
_aВОУНБ _yЧ.2 |
||
| 899 | _aКУНБ | ||
| 899 | _aГПИБ | ||
| 899 |
_aИОНБ _yЧ.2 |
||
| 899 |
_aУОНБ _yЧ.1 |
||
| 899 |
_aЯИАМЗ _yЧ.1-2; ч.1 в 3-х экз. |
||
| 899 |
_aГМЗРК _yЧ.2 |
||
| 899 | _aТамбОУНБ | ||
| 899 | _aВМП | ||
| 899 | _aНБЛ КГУ | ||
| 942 | _cBOOK | ||
| 980 | _aNB | ||
| 980 | _aA1XVIIIv | ||